NCAA Division I Men's Basketball Teams - Statistics

General Stats
  • This quiz has been taken 2,556 times
    957 since last reset
  • The average score is 245 of 364
Answer Stats
Conference Team % Correct
A-10 Dayton Flyers
93%
ACC Pittsburgh Panthers
93%
SEC Florida Gators
92%
ACC Duke Blue Devils
91%
SEC Georgia Bulldogs
91%
Big Ten Iowa Hawkeyes
91%
ACC North Carolina Tar Heels
91%
SEC Texas Longhorns
91%
Big 12 Arizona Wildcats
90%
ACC California Golden Bears
90%
Big 12 Colorado Buffaloes
90%
Big Ten Illinois Fighting Illini
90%
Big Ten Indiana Hoosiers
90%
ACC Miami Hurricanes
90%
MAC Miami of Ohio RedHawks
90%
Big Ten Michigan Wolverines
90%
MAC Ohio Bobcats
90%
SEC Oklahoma Sooners
90%
Big 12 Arizona State Sun Devils
89%
ACC Clemson Tigers
89%
ACC Florida State Seminoles
89%
Big 12 Houston Cougars
89%
Big 12 Kansas Jayhawks
89%
ACC Louisville Cardinals
89%
Big Ten Maryland Terrapins
89%
Big Ten Michigan State Spartans
89%
Big Ten Minnesota Golden Gophers
89%
Big Ten Ohio State Buckeyes
89%
Big Ten Oregon Ducks
89%
Ivy League Penn Quakers
89%
C-USA Sam Houston Bearkats
89%
ACC Syracuse Orange
89%
Big Ten UCLA Bruins
89%
Big 12 Utah Runnin' Utes
89%
ACC Virginia Cavaliers
89%
Big Ten Washington Huskies
89%
Big 12 BYU Cougars
88%
A-10 Davidson Wildcats
88%
Big 12 Kansas State Wildcats
88%
ACC NC State Wolfpack
88%
Big Ten Nebraska Cornhuskers
88%
Big Ten Penn State Nittany Lions
88%
SEC Tennessee Volunteers
88%
Big Ten USC Trojans
88%
ACC Virginia Tech Hokies
88%
Big Ten Wisconsin Badgers
88%
SEC Alabama Crimson Tide
87%
SEC Arkansas Razorbacks
87%
Big 12 Cincinnati Bearcats
87%
ACC Georgia Tech Yellow Jackets
87%
Big 12 Iowa State Cyclones
87%
SEC Kentucky Wildcats
87%
SEC LSU Tigers
87%
Big 12 Oklahoma State Cowboys
87%
SEC South Carolina Gamecocks
87%
SEC Auburn Tigers
86%
ACC Boston College Eagles
86%
Ivy League Harvard Crimson
86%
SEC Missouri Tigers
86%
ACC Notre Dame Fighting Irish
86%
SEC Ole Miss Rebels
86%
Ivy League Princeton Tigers
86%
West Coast San Diego Toreros
86%
ACC Stanford Cardinal
86%
Big 12 Texas Tech Red Raiders
86%
Big East UConn Huskies
86%
Big 12 West Virginia Mountaineers
86%
Mountain West Boise State Broncos
85%
Mountain West Colorado State Rams
85%
Mountain West New Mexico Lobos
85%
Big Ten Rutgers Scarlet Knights
85%
SEC Texas A&M Aggies
85%
SEC Mississippi State Bulldogs
84%
A-10 Richmond Spiders
84%
Mountain West Utah State Aggies
84%
Big East Villanova Wildcats
84%
Ivy League Yale Bulldogs
84%
MAC Akron Zips
83%
AAC Charlotte 49ers
83%
Big Ten Purdue Boilermakers
83%
AAC Tulsa Golden Hurricane
83%
ACC Wake Forest Demon Deacons
83%
Big 12 Baylor Bears
82%
AAC Memphis Tigers
82%
Big Ten Northwestern Wildcats
82%
Big East Providence Friars
82%
Mountain West San Diego State Aztecs
82%
Big 12 UCF Knights
82%
MAC Buffalo Bulls
81%
Mountain West Nevada Wolf Pack
81%
A-10 St. Louis Billikens
81%
MAC Toledo Rockets
81%
America East Albany Great Danes
80%
MAC Bowling Green Falcons
80%
Big West Hawai'i Rainbow Warriors
80%
Big Sky Idaho Vandals
80%
ASUN Jacksonville Dolphins
80%
Big Sky Montana Grizzlies
80%
C-USA New Mexico State Aggies
80%
West Coast Portland Pilots
80%
AAC South Florida Bulls
80%
Big 12 TCU Horned Frogs
80%
Mountain West UNLV Runnin' Rebels
80%
AAC UTSA Roadrunners
80%
SEC Vanderbilt Commodores
80%
Patriot League Army Black Knights
79%
Ivy League Brown Bears
79%
Mountain West Fresno State Bulldogs
79%
A-10 Rhode Island Rams
79%
ACC SMU Mustangs
79%
AAC UAB Blazers
79%
A-10 UMass Minutemen
79%
Mountain West Wyoming Cowboys
79%
Mountain West Air Force Falcons
78%
MVC Indiana State Sycamores
78%
MAC Kent State Golden Flashes
78%
West Coast Loyola Marymount Lions
78%
Big Sky Montana State Bobcats
78%
Patriot League Navy Midshipmen
78%
Summit North Dakota Fighting Hawks
78%
West Coast Oregon State Beavers
78%
AAC Tulane Green Wave
78%
AAC Wichita State Shockers
78%
A-10 Loyola-Chicago Ramblers
77%
Patriot League Loyola Greyhounds
77%
Summit North Dakota State Bison
77%
Mountain West San Jose State Spartans
77%
Summit South Dakota Coyotes
77%
West Coast Washington State Cougars
77%
Ivy League Columbia Lions
76%
AAC Florida Atlantic Owls
76%
Big East Georgetown Hoyas
76%
C-USA Kennesaw State Owls
76%
America East Maine Black Bears
76%
SWAC Southern Jaguars
76%
C-USA UTEP Miners
76%
Ivy League Cornell Big Red
75%
Big East Creighton Bluejays
75%
Big Sky Idaho State Bengals
75%
America East Vermont Catamounts
75%
MAC Western Michigan Broncos
75%
CAA Charleston Cougars
74%
CAA Delaware Fightin' Blue Hens
74%
Horizon Detroit Mercy Titans
74%
MAC Eastern Michigan Eagles
74%
Horizon Green Bay Phoenix
74%
Sun Belt Louisiana Ragin' Cajuns
74%
Summit South Dakota State Jackrabbits
74%
Big East St. John's Red Storm
74%
Big West UC Davis Aggies
74%
Big West UC Irvine Anteaters
74%
Sun Belt Arkansas State Red Wolves
73%
West Coast Gonzaga Bulldogs
73%
A-10 St. Bonaventure Bonnies
73%
AAC Temple Owls
73%
Sun Belt Troy Trojans
73%
Horizon Youngstown State Penguins
73%
Ivy League Dartmouth Big Green
72%
Summit Denver Pioneers
72%
Sun Belt Georgia State Panthers
72%
C-USA Jacksonville State Gamecocks
72%
Big East Marquette Golden Eagles
72%
Summit Omaha Mavericks
72%
C-USA Western Kentucky Hilltoppers
72%
Big East Xavier Musketeers
72%
Big East Butler Bulldogs
71%
CAA Elon Phoenix
71%
Sun Belt Louisiana-Monroe Warhawks
71%
Horizon Milwaukee Panthers
71%
America East New Hampshire Wildcats
71%
AAC North Texas Mean Green
71%
Big West UC Riverside Highlanders
71%
MAC Central Michigan Chippewas
70%
SoCon Chattanooga Mocs
70%
MVC Evansville Purple Aces
70%
C-USA FIU Panthers
70%
Big Sky Portland State Vikings
70%
Big Sky Sacramento State Hornets
70%
West Coast San Francisco Dons
70%
Sun Belt Texas State Bobcats
70%
Horizon Cleveland State Vikings
69%
OVC Little Rock Trojans
69%
MAC Northern Illinois Huskies
69%
AAC Rice Owls
69%
WAC Seattle Redhawks
69%
CAA Stony Brook Seawolves
69%
Big West Cal State Bakersfield Roadrunners
68%
Big West Cal State Fullerton Titans
68%
Big East DePaul Blue Demons
68%
SWAC Grambling Tigers
68%
Big West Long Beach State Beach
68%
MVC Missouri State Bears
68%
West Coast Santa Clara Broncos
68%
MVC Valparaiso Beacons
68%
SWAC Arkansas-Pine Bluff Golden Lions
67%
AAC East Carolina Pirates
67%
Big South High Point Panthers
67%
MEAC Norfolk State Spartans
67%
SoCon UNC Greensboro Spartans
67%
CAA UNC Wilmington Seahawks
67%
A-10 George Washington Revolutionaries
66%
Horizon IU Indianapolis Jaguars
66%
Summit Kansas City Roos
66%
C-USA Louisiana Tech Bulldogs
66%
Big Sky Northern Arizona Lumberjacks
66%
Big West Cal State Northridge Matadors
65%
SWAC Jackson State Tigers
65%
Sun Belt Marshall Thundering Herd
65%
MVC Murray State Racers
65%
MEAC South Carolina State Bulldogs
65%
CAA Towson Tigers
65%
SWAC Alabama State Hornets
64%
MAC Ball State Cardinals
64%
Patriot League Boston University Terriers
64%
MVC Illinois State Redbirds
64%
C-USA Liberty Flames
64%
C-USA Middle Tennessee Blue Raiders
64%
OVC Morehead State Eagles
64%
MVC Northern Iowa Panthers
64%
Horizon Purdue Fort Wayne Mastodons
64%
Big East Seton Hall Pirates
64%
West Coast St. Mary's Gaels
64%
America East UMass-Lowell River Hawks
64%
MEAC Delaware State Hornets
63%
ASUN Eastern Kentucky Colonels
63%
MAAC Fairfield Stags
63%
Sun Belt Georgia Southern Eagles
63%
Sun Belt South Alabama Jaguars
63%
Big South UNC Asheville Bulldogs
63%
WAC Abilene Christian Wildcats
62%
Southland New Orleans Privateers
62%
Southland Texas A&M-Corpus Christi Islanders
62%
Sun Belt Appalachian State Mountaineers
61%
NEC Chicago State Cougars
61%
A-10 George Mason Patriots
61%
CAA Hampton Pirates
61%
MEAC Howard Bison
61%
Sun Belt James Madison Dukes
61%
MVC Southern Illinois Salukis
61%
Sun Belt Southern Miss Golden Eagles
61%
America East UMBC Retrievers
61%
A-10 VCU Rams
61%
MVC Drake Bulldogs
60%
Big Sky Eastern Washington Eagles
60%
Big Sky Northern Colorado Bears
60%
A-10 St. Joseph's Hawks
60%
Patriot League American Eagles
59%
Sun Belt Coastal Carolina Chanticleers
59%
ASUN Florida Gulf Coast Eagles
59%
WAC Grand Canyon Antelopes
59%
West Coast Pepperdine Waves
59%
Big South Radford Highlanders
59%
Southland Stephen F. Austin Lumberjacks
58%
OVC Tennessee State Tigers
58%
A-10 Duquesne Dukes
57%
Horizon Oakland Golden Grizzlies
57%
SWAC Prairie View A&M Panthers
57%
Big West UC Santa Barbara Gauchos
57%
WAC UT Arlington Mavericks
57%
OVC UT Martin Skyhawks
57%
SWAC Alabama A&M Bulldogs
56%
SWAC Florida A&M Rattlers
55%
A-10 Fordham Rams
55%
ASUN North Alabama Lions
55%
Horizon Northern Kentucky Norse
55%
MAAC St. Peter's Peacocks
55%
America East NJIT Highlanders
54%
ASUN North Florida Ospreys
54%
OVC SIU Edwardsville Cougars
54%
OVC Western Illinois Leathernecks
54%
MVC Belmont Bruins
53%
CAA Drexel Dragons
53%
Patriot League Lafayette Leopards
53%
NEC LIU Sharks
53%
WAC Utah Tech Trailblazers
53%
Big Sky Weber State Wildcats
53%
Big West Cal Poly Mustangs
52%
OVC Eastern Illinois Panthers
52%
ASUN Stetson Hatters
52%
OVC Tennessee Tech Golden Eagles
52%
CAA William & Mary Tribe
52%
America East Bryant Bulldogs
51%
MAAC Iona Gaels
51%
Patriot League Lehigh Mountain Hawks
51%
CAA Northeastern Huskies
51%
Sun Belt Old Dominion Monarchs
51%
WAC Southern Utah Thunderbirds
51%
SWAC Texas Southern Tigers
51%
Big West UC San Diego Tritons
51%
Big South Charleston Southern Buccaneers
50%
A-10 La Salle Explorers
50%
West Coast Pacific Tigers
50%
WAC Utah Valley Wolverines
50%
America East Binghamton Bearcats
49%
MAAC Manhattan Jaspers
49%
Summit Oral Roberts Golden Eagles
49%
Summit St. Thomas Tommies
49%
MVC UIC Flames
49%
NEC Central Connecticut Blue Devils
48%
Patriot League Colgate Raiders
48%
SoCon East Tennessee State Buccaneers
48%
ASUN Queens Royals
48%
Big South USC Upstate Spartans
48%
ASUN Central Arkansas Bears
47%
SoCon Furman Paladins
47%
SoCon VMI Keydets
47%
MVC Bradley Braves
46%
ASUN Lipscomb Bisons
46%
CAA North Carolina A&T Aggies
46%
MAAC Quinnipiac Bobcats
46%
Southland Texas A&M-Commerce Lions
46%
SWAC Bethune-Cookman Wildcats
45%
NEC Fairleigh Dickinson Knights
45%
MEAC Maryland Eastern Shore Hawks
45%
Southland McNeese Cowboys
45%
OVC Southeast Missouri Redhawks
45%
NEC St. Francis Red Flash
45%
SoCon The Citadel Bulldogs
45%
ASUN Bellarmine Knights
44%
MAAC Canisius Golden Griffins
44%
SWAC Mississippi Valley State Delta Devils
44%
MAAC Mount St. Mary's Mountaineers
44%
SoCon Western Carolina Catamounts
44%
SoCon Wofford Terriers
44%
Patriot League Bucknell Bison
43%
CAA Hofstra Pride
43%
CAA Monmouth Hawks
43%
Horizon Robert Morris Colonials
43%
SoCon Samford Bulldogs
43%
SWAC Alcorn State Braves
42%
Patriot League Holy Cross Crusaders
42%
Southland Houston Christian Huskies
42%
MAAC Marist Red Foxes
42%
SoCon Mercer Bears
42%
MEAC North Carolina Central Eagles
42%
MAAC Siena Saints
42%
OVC Southern Indiana Screaming Eagles
42%
ASUN Austin Peay Governors
41%
CAA Campbell Fighting Camels
41%
Big South Presbyterian Blue Hose
41%
MAAC Rider Broncs
41%
Southland Incarnate Word Cardinals
40%
Southland Lamar Cardinals
40%
Big South Longwood Lancers
40%
NEC Wagner Seahawks
40%
Big South Winthrop Eagles
40%
Horizon Wright State Raiders
40%
WAC Cal Baptist Lancers
39%
MEAC Coppin State Eagles
39%
MEAC Morgan State Bears
39%
MAAC Sacred Heart Pioneers
39%
Southland UTRGV Vaqueros
39%
MAAC Niagara Purple Eagles
38%
Southland Nicholls Colonels
38%
Southland Northwestern State Demons
38%
Southland Southeastern Louisiana Lions
38%
MAAC Merrimack Warriors
37%
Big South Gardner-Webb Runnin' Bulldogs
36%
WAC Tarleton Texans
35%
OVC Lindenwood Lions
34%
ASUN West Georgia Wolves
34%
NEC Stonehill Skyhawks
33%
NEC Mercyhurst Lakers
29%
NEC Le Moyne Dolphins
26%
No matching quizzes found
Score Distribution
Percent of People with Each Score
Percentile by Number Answered
Your Score History
You have not taken this quiz since the last reset